Statystyki dla Największe miasta na Litwie zawierające literę

Kliknij tutaj aby rozwiązać quiz!

Ogólne statystyki

  • Ten quiz został rozwiązany 55 razy
  • Średni wynik to 15 z 30

Statystyki odpowiedzi

LiteraMiasto% Poprawnych
NWilno
100%
IWilno
100%
WWilno
100%
OWilno
100%
LWilno
100%
KKowno
91%
PKłajpeda
87%
ŁKłajpeda
87%
JKłajpeda
87%
AKłajpeda
87%
DKłajpeda
87%
EKłajpeda
87%
ŻPoniewież
45%
ZSzawle
43%
SSzawle
43%
RMariampol
40%
MMariampol
40%
TOlita
32%
ĄPołąga
28%
CUciana
23%
UUciana
23%
ÓJanów
13%
YKiejdany
13%
ŹŁoździeje
9%
GPłungiany
6%
ŃPoniemuń
4%
ŚNowe Święciany
2%
ĘNowe Święciany
2%
HJohaniszkiele
0%
BPodbrodzie
0%

Rozkład punktacji

Percentyl według liczby udzielonych odpowiedzi

Procent ludzi z każdym wynikiem

Twoja historia wyników

Nie rozwiązałeś tego quizu